| 000 | 00849nam a2200277Ia 4500 | ||
|---|---|---|---|
| 003 | OSt | ||
| 005 | 20221006153909.0 | ||
| 006 | a|||||r|||| 00| 0 | ||
| 007 | ta | ||
| 008 | 221006b |||||||| |||| 00| 0 eng d | ||
| 020 |
_a9780521032087 _c _52.00 |
||
| 024 | _a33,830 | ||
| 037 |
_bGift, Korea Foundation _cTextual |
||
| 040 |
_aEASL _cEASL _beng |
||
| 041 |
_2eng _aeng |
||
| 082 | _aV495:3(X).N45<-N10, N0 | ||
| 100 |
_aMcNamara Dennis L Au. _9665773 |
||
| 245 | 0 | _aColonial origins of Korean enterprise 1910-1945 | |
| 260 |
_aCambridge _bCambridge University Press _c1990 |
||
| 300 |
_a207p. _ccm. |
||
| 490 | _v KEL | ||
| 650 | _a KEL | ||
| 650 |
_aKorea-History and economy _9665774 |
||
| 942 |
_hV495:3(X).N45<-N10, N0 _cTEXL _2CC |
||
| 999 |
_c1101916 _d1101916 |
||